Identificación de competencias: una estrategia para la formación en el Espacio Europeo de Educación Superior (Record no. 706217)
[ view plain ]
| 000 -CABECERA | |
|---|---|
| Campo de control de longitud fija | 00549nab a2200145Ia 4500 |
| 003 - IDENTIFICADOR DEL NÚMERO DE CONTROL | |
| Campo de control | ES-SlBCS |
| 005 - FECHA Y HORA DE LA ÚLTIMA TRANSACCIÓN | |
| Campo de control | 20210601144301.0 |
| 008 - CÓDIGOS DE INFORMACIÓN DE LONGITUD FIJA | |
| Campo de control de longitud fija | 140529s2006 xxu||||| |||| 00| 0 spa d |
| 041 ## - CÓDIGO DE LENGUA | |
| Código de lengua del texto/banda sonora o título independiente | spa |
| 100 1# - PUNTO DE ACCESO PRINCIPAL-NOMBRE DE PERSONA | |
| Nombre de persona | Oliveros Martín-Varés, Laura |
| 9 (RLIN) | 228917 |
| 245 00 - MENCIÓN DE TÍTULO | |
| Título | Identificación de competencias: una estrategia para la formación en el Espacio Europeo de Educación Superior |
| Mención de responsabilidad, etc. | Laura Oliveros Martín-Varés |
| 650 04 - PUNTO DE ACCESO ADICIONAL DE MATERIA-TÉRMINO DE MATERIA | |
| Término de materia o nombre geográfico como elemento inicial | Competencias |
| 9 (RLIN) | 213880 |
| 773 0# - ENLACE AL DOCUMENTO FUENTE | |
| Título | Revista Complutense de Educación |
| Parte(s) relacionada(s) | vol. 17, nº. 1, 2006, págs. 101-118 |
| Número de control del registro relacionado | Rev1338 |
| 942 ## - ENTRADA DE ELEMENTOS AGREGADOS (KOHA) | |
| Koha [por defecto] tipo de item | Artículos de revista |
| Suprimido | Perdido | Estropeado | No para préstamo | Localización permanente | Localización actual | Localización en estantería | Fecha adquisición | Préstamos totales | Fecha última consulta | Fecha del precio de reemplazo | Tipo de item de Koha |
|---|---|---|---|---|---|---|---|---|---|---|---|
| San Esteban | San Esteban | Depósito de revistas | 11/07/2014 | 11/07/2014 | 11/07/2014 | Artículos de revista |
